Quiz o języku Śląskim - Statystyki

Ogólne statystyki
  • Ten quiz został rozwiązany 22 razy
  • Średni wynik to 3 z 12
Statystyki odpowiedzi
Słowo po Śląsku Słowo po polsku % Poprawnych
górol Góral
80%
fojerman Strażak
60%
Zeblec się Rozebrać się
55%
dudki Pieniądze
40%
gorol nie Ślązak
30%
Gyszichta Historia
25%
Halba Butelka wódki
10%
Szif Łódź / Statek
5%
soroń Cham
0%
sapieron / Hanys Górnoślązak
0%
Cham Skąpiec
0%
papendekel Tektura
0%
Nie znaleziono quizów pasujących do podanych kryteriów
Rozkład punktacji
Procent ludzi z każdym wynikiem
Percentyl według liczby udzielonych odpowiedzi
Twoja historia wyników
Nie rozwiązałeś tego quizu